Rozhodovanie o podanom odvolaní v správnom procese

Odvolanie účastníka správneho konania proti rozhodnutiu obce vydanému v správnom konaní je jeho podstatným právnym úkonom. V článku autor informuje, ako prebieha posudzovanie podaného odvolania a rozhodovanie o ňom z hľadiska obce.

Enregistré dans:
Détails bibliographiques
Auteur principal: Hrtánek, Ladislav
Format: Chapitre de livre
Langue:slovaque
Sujets:
Tags: Ajouter un tag
Pas de tags, Soyez le premier à ajouter un tag!

MARC

LEADER 00000naa a2200000 4500
001 0299845
005 20240426104917.5
041 0 |a slo 
044 |a SK 
245 1 0 |a Rozhodovanie o podanom odvolaní v správnom procese  |c Ladislav Hrtánek 
520 |a Odvolanie účastníka správneho konania proti rozhodnutiu obce vydanému v správnom konaní je jeho podstatným právnym úkonom. V článku autor informuje, ako prebieha posudzovanie podaného odvolania a rozhodovanie o ňom z hľadiska obce. 
610 2 0 |a právo správne 
610 2 0 |a konanie správne 
610 2 0 |a obce 
610 2 0 |a rozhodovanie 
610 2 0 |a odvolanie 
100 1 |a Hrtánek, Ladislav